00773nam a2200181Ia 4500008004100000040001800041041000800059245006200067260005700129300005300186500002900239508012100268650003300389650005000422651005000472651004700522710002200569130821s2010 ck ao gsdd spa  aCo-BoUCMbspa00aspa00aTolima total enciclopedia multimediacFundación Pijao. aIbagué (Tolima, Colombia)bFundación Pijaoc2010 a1 CD-ROMbilustraciones, graficas, fotografías aEnciclopedia multimedia. aCréditos: Director del proyecto Carlos Pardo Viña ; coordinacion editorial y multimedia Manuel González Pardo.04aEnciclopedias y diccionarios04aPoblaciónzTolima (Colombia)vEnciclopedias 4aTolima (Colombia)vGeografíavEnciclopedias 4aTolima (Colombia)xHistoriavEnciclopedias2 aFundación Pijao